[Event "Jakarta Telin op"]
[Site "Jakarta"]
[Date "2011.04.03"]
[Round "4"]
[White "Rahangiar, Johan"]
[Black "Zulkhairi"]
[Result "1-0"]
[WhiteElo "2070"]
[BlackElo "2281"]
[PlyCount "95"]
[EventDate "2011.04.01"]
[EventType "swiss"]
[EventRounds "9"]
[EventCountry "INA"]
[SourceTitle "CBM 141 Extra"]
[Source "ChessBase"]
[SourceDate "2011.05.03"]
[SourceVersion "1"]
[SourceVersionDate "2011.05.03"]
[SourceQuality "1"]

1. Nf3 d5 2. g3 c5 3. Bg2 Nc6 4. d4 cxd4 5. Nxd4 e5 6. Nxc6 bxc6 7. c4 Bb4+ 8. Bd2 Bxd2+ 9. Qxd2 Nf6 10. Nc3 Bb7 11. cxd5 cxd5 12. Qg5 0-0 13. Qxe5 Qb6 14. 0-0 Rae8 15. Qf4 Qxb2 16. Qd4 Rc8 17. Rfb1 Qxc3 18. Qxc3 Rxc3 19. Rxb7 Ra3 20. e3 g6 21. Rb3 Ra5 22. a4 Rc8 23. Rb5 Rc5 24. Rxc5 Rxc5 25. a5 Kf8 26. a6 Rc6 27. Bf1 Ne4 28. Rb1 Nd2 29. Rb8+ Kg7 30. Bb5 Rc5 31. Rb7 Nc4 32. Bd7 Ra5 33. Rxa7 g5 34. h3 h5 35. g4 h4 36. Bc8 Nd6 37. Bb7 Nxb7 38. axb7 Rb5 39. Kf1 Kf6 40. f4 gxf4 41. exf4 Rb2 42. Ke1 Ke6 43. Kd1 Kd6 44. Kc1 Rb4 45. g5 d4 46. f5 d3 47. g6 fxg6 48. fxg6 1-0